Java 9 for Programmers_4th Edition (Record no. 38075)

MARC details
000 -LEADER
fixed length control field 01022nam a22001817a 4500
020 ## - INTERNATIONAL STANDARD BOOK NUMBER
ISBN 978-9352866540
082 ## - DEWEY DECIMAL CLASSIFICATION NUMBER
Classification number 005.133(J) DEI
100 ## - MAIN ENTRY--AUTHOR NAME
Personal name Paul J Deitel
100 ## - MAIN ENTRY--AUTHOR NAME
Personal name Harvey Deitel
245 ## - TITLE STATEMENT
Title Java 9 for Programmers_4th Edition
250 ## - EDITION STATEMENT
Edition statement 4
260 ## - PUBLICATION, DISTRIBUTION, ETC. (IMPRINT)
Name of publisher Pearson India
Place of publication Noida
Year of publication 2018
300 ## - PHYSICAL DESCRIPTION
Number of Pages 1120 Pages
Other physical details Item Weight ‏ : ‎ 1 kg 320 g Dimensions ‏ : ‎ 20.3 x 25.4 x 4.7 cm
520 ## - SUMMARY, ETC.
Summary, etc <br/>Written for programmers with a background in another high-level language, this book applies the Deitel signature live-code approach to teaching programming and explores the Java® 9 language and APIs in depth. The book presents concepts in fully tested programs, complete with code walkthroughs, syntax shading, code highlighting and program outputs. It features hundreds of complete Java 9 programs with thousands of lines of proven code, and hundreds of software-development tips that will help you build robust applications.
650 ## - SUBJECT ADDED ENTRY--TOPICAL TERM
Topical Term CSE
942 ## - ADDED ENTRY ELEMENTS (KOHA)
Koha item type Text Book
952 ## - LOCATION AND ITEM INFORMATION (KOHA)
Damaged status
Not for loan
Holdings
Withdrawn status Collection code Permanent Location Current Location Shelving location Date acquired Source of acquisition Cost, normal purchase price Inventory number Full call number Accession Number Price effective from Koha item type
  Computer Science and Engineering VAST Central Library VAST Central Library S-17/CS 26/11/2025 Minerva Books 1230.00 89 005.133(J) DEI 38191 02/12/2025 Text Book